L'urgence du politique (notice n° 1638744)

détails MARC
000 -LEADER
fixed length control field 01063cam a2200145 4500500
005 - DATE AND TIME OF LATEST TRANSACTION
control field 20260201002941.0
041 ## - LANGUAGE CODE
Language code of text/sound track or separate title fre
042 ## - AUTHENTICATION CODE
Authentication code dc
100 10 - MAIN ENTRY--PERSONAL NAME
Personal name Delange, Jean-Pierre
Relator term author
245 00 - TITLE STATEMENT
Title L'urgence du politique
260 ## - PUBLICATION, DISTRIBUTION, ETC.
Name of publisher, distributor, etc. Armand Colin,<br/>
Date of publication, distribution, etc. 2025.<br/>
520 ## - SUMMARY, ETC.
Summary, etc. Pierre Manent est un des rares philosophes contemporains à assumer « l’urgence du politique » et à porter dans le débat public sa critique singulière de la religion des Droits de l’Homme, le futur incertain de l’Union européenne, la critique des contempteurs de la nation et sa promotion d’une dynamique catholique dans le champ de la réflexion et de l’action politique. L’objet du présent ouvrage, fruit d’une série de contributions à des tables rondes organisées au Collège des Bernardins en mai 2024, est de rassembler et de proposer une série d’approches des positions récentes de Pierre Manent.
700 10 - ADDED ENTRY--PERSONAL NAME
Personal name Tanguay, Daniel
Relator term author
856 41 - ELECTRONIC LOCATION AND ACCESS
Uniform Resource Identifier <a href="https://shs.cairn.info/lurgence-du-politique--9782200642136?lang=fr&redirect-ssocas=7080">https://shs.cairn.info/lurgence-du-politique--9782200642136?lang=fr&redirect-ssocas=7080</a>

Pas d'exemplaire disponible.

PLUDOC

PLUDOC est la plateforme unique et centralisée de gestion des bibliothèques physiques et numériques de Guinée administré par le CEDUST. Elle est la plus grande base de données de ressources documentaires pour les Étudiants, Enseignants chercheurs et Chercheurs de Guinée.

Adresse

627 919 101/664 919 101

25 boulevard du commerce
Kaloum, Conakry, Guinée

Réseaux sociaux

Powered by Netsen Group @ 2025